000 00681nam a22001937a 4500
999 _c57523
_d57523
005 20200702114523.0
008 200702s2014 eng||||| |||| 00| 0 enk d
020 _a9783832537043
041 _aeng
080 _a1+316 L-44
245 _aLeben verstehen :
_b(Philosophie Und Sozialtheorie) (German Edition) /
_cby Tengiz Iremadze, Udo Reinhold Jeck, et al.
264 _aBerlin:
_bLogos verlag,
_c2014.
300 _a138 p.
_b25 cm.
653 _aფილოსოფია
653 _aსოციოლოგია
700 _aIremadze, Tengiz
_eრედაქტორი
_96933
700 _aReinhold, Udo Jeck,
_eრედაქტორი
_98978
942 _2udc
_cBK